• 首页
  • 本馆介绍
  • 公告通知
  • 最新文献
  • 馆藏检索
  • 电子资源
  • 读者导购
  • 参考咨询
  • 我的图书馆
  • 登录
  • 详细信息显示
  • 放入我的书架
  • 预约/预借图书
  • 作者相关作品
  • 分类相关作品
  • 丛书相关作品
  • 出版社相关作品

书目信息

  • 表格格式
  • 工作单格式
  • 卡片格式
题名:
化工专业英语
    
 
作者: 丁丽 , 王志萍 编
分册:  
出版信息: 北京   化学工业出版社  2012
页数: 150页
开本: 26cm
丛书名: 普通高等教育“十二五”规划教材
单 册:
中图分类: H31 , TQ-43
科图分类:
主题词: 化学工业--hua xue gong ye--英语
电子资源:
ISBN: 978-7-122-13866-8
000 01110nam 2200313 450
001 012001002227
005 20131110100437.0
010    @a978-7-122-13866-8@dCNY28.00
099    @aCAL 012012204687
100    @a20120607d2012 em y0chiy50 ea
101 0  @achi@aeng
102    @aCN@b110000
105    @aa z 000yy
106    @ar
200 1  @a化工专业英语@Ahua gong zhuan ye ying yu@f丁丽, 王志萍编
210    @a北京@c化学工业出版社@d2012
215    @a150页@c图@d26cm
225 2  @a普通高等教育“十二五”规划教材@Apu tong gao deng jiao yu“shi er wu”gui hua jiao cai
312    @a英文并列题名取自封面
330    @a本书主要内容包括化学反应、化学工程、单元操作及最新技术等共24个单元。每个单元由课文、词汇表、难点注释、课后练习和阅读材料组成。
410  0 @12001@a普通高等教育“十二五”规划教材
510 1  @aSpecialized English for chemical engineering@zeng
606 0  @a化学工业@Ahua xue gong ye@x英语
690    @aH31@v4
690    @aTQ-43@v5
701  0 @a丁丽@Ading li@4编
701  0 @a王志萍@Awang zhi ping@4编
801  0 @aCN@b北京卓展@c20191020
905    @b1199918-21@dH31@e1737@f4
    
    化工专业英语/丁丽, 王志萍编.-北京:化学工业出版社,2012
    150页:图;26cm.-(普通高等教育“十二五”规划教材)
    
    
    ISBN 978-7-122-13866-8:CNY28.00
    本书主要内容包括化学反应、化学工程、单元操作及最新技术等共24个单元。每个单元由课文、词汇表、难点注释、课后练习和阅读材料组成。
●
相关链接 在E读中查询图书 在五车中查询图书 在当当中查询图书 在豆瓣中查询图书


正题名:化工专业英语     索取号:H31/1737         预约/预借

序号 登录号 条形码 馆藏地/架位号 状态 备注
1 1199918   211999186   第二样本阅览室/ [索取号:H31/1737] 在馆    
2 1199919   211999195   第四借阅区/ [索取号:H31/1737] 在馆    
3 1199920   211999202   第四借阅区/ [索取号:H31/1737] 在馆    
4 1199921   211999211   第四借阅区/ [索取号:H31/1737] 在馆    
唐山师范学院图书馆 欢迎您!
大连网信软件有限公司© 版权所有